| 000 | 00000nam 2200000zi 4500 |
| 001 | 9.936900 |
| 003 | CaOODSP |
| 005 | 20240417072014 |
| 006 | m o d f |
| 007 | cr mn||||||||| |
| 008 | 240416s2020 quc o f000 0 eng d |
| 040 | |aCaOODSP|beng|erda|cCaOODSP |
| 043 | |an-cn--- |
| 045 | |ay1y1 |
| 086 | 1 |aEm20-144/2020-1E-PDF |
| 245 | 00|aEvaluation of the Aboriginal Skills and Employment Training Strategy and the Skills and Partnership Fund. |
| 264 | 1|a[Gatineau, Quebec] : |bEmployment and Social Development Canada = Emploi et développement social Canada, |c[2020] |
| 300 | |a1 online resource (1 page) |
| 336 | |atext|btxt|2rdacontent |
| 337 | |acomputer|bc|2rdamedia |
| 338 | |aonline resource|bcr|2rdacarrier |
| 500 | |aIssued also in French under title: Évaluation de la Stratégie de formation pour les compétences et l'emploi destinée aux Autochtones et du Fonds pour les compétences et les partenariats. |
| 610 | 10|aCanada. |bEmployment and Social Development Canada|xEvaluation. |
| 650 | 0|aIndigenous peoples|xEmployment|xGovernment policy|zCanada|xEvaluation. |
| 650 | 0|aFederal aid to occupational training|zCanada|xEvaluation. |
| 655 | 7|aInfographics|2lcgft |
| 710 | 1 |aCanada. |bEmployment and Social Development Canada. |bEvaluation Directorate, |eissuing body. |
| 775 | 08|tÉvaluation de la Stratégie de formation pour les compétences et l'emploi destinée aux Autochtones et du Fonds pour les compétences et les partenariats.|w(CaOODSP)9.936901 |
| 856 | 40|qPDF|s51 KB|uhttps://publications.gc.ca/collections/collection_2024/edsc-esdc/Em20-144-2020-1-eng.pdf |
| 856 | 4 |qHTML|sN/A|uhttps://www.canada.ca/en/employment-social-development/corporate/reports/evaluations/aboriginal-skills-employment-training-strategy-skills-partnership-fund/summary.html |